000 00894pam a2200265 i 4500
001 000012617
005 20200929163040.0
008 760311s1976 pr b s000 0 spa
010 _a76008191
020 _a0847727211
040 _aDO-SdBNP
_cDLC
_dDLC
043 _anwpr---
050 0 0 _aLB1051
_b.D5135
100 2 _aDiaz de Grana, Lydia,
_d1925-
_929344
245 1 4 _aLos objetivos educacionales :
_bcriterios claves para la evaluacion del aprendizaje /
_cLydia Diaz de Grana.
250 _a1. ed.
260 _a[Rio Piedras] :
_bEditorial Universitaria, Universidad de Puerto Rico,
_c1976.
300 _aviii, 94 p. ;
_c26 cm.
504 _aIncludes bibliographical references.
650 0 _aEducational psychology.
_929345
650 0 _aEducation
_xAims and objectives.
_929029
650 0 _aEducation
_zPuerto Rico.
_929346
910 _aCatalogación derivada
082 0 0 _a370.15
999 _c12272
_d12272